000 00500nam a2200181Ia 4500
003 GCL
008 140319s9999 xx 000 0 eng d
040 _aGCL /
_cGCL
082 0 4 _aREF
_b403
_bC C
100 1 _aGOWERS, ERNEST
245 1 0 _aTHE CAMBRIDGE ENCYCLOPEDIA OF LANGUAGE /
_cGOWERS, ERNEST
260 _a[S.N] :
_bJOHN WILEY AND SONS. INC ،
_c1992
300 _a472 P
650 0 4 _aTECHNICAL WRITING
650 0 4 _aMACHINE - TOOLS
650 0 4 _aLANGUAGE - DICTIONARIES
942 _2ddc
_cBK
999 _c18485
_d18485